00285nam a2200121Ia 4500003000400000008004100004082001700045100001800062245004000080260002700120300000800147650000800155OSt191201s2015 xx 000 0 und d a346.065bKUB aKUCHHAL, M.C. 0aBusiness Legislation for Management aNew DelhibVikasc2015 a656 aBBA